000 00729nam a2200229 u 4500
005 20240316063808.0
008 090617s2001 es r 000 0 spa d
020 _a8485840879
035 _aUPN01000171245
049 _aCG
050 4 _aLB1044
_bC5.6
245 0 0 _aCine y literatura :
_brelación y posibilidades didácticas /
_cMercé Coll ... [et al.] ; coord. Gemma Pujals.
260 _aBarcelona, Esp. :
_bICE :
_bHorsori,
_c2001.
300 _a224 p.
440 0 _aCuadernos de educación ;
_v34
650 7 _aCinematografía en la educación
_2
_91545
650 4 _aLiteratura
_95741
650 2 _aRecursos educativos
_99810
700 1 _aColl, Mercé,
_ecoaut.
700 1 _aPujals, Gemma,
_ecoord.
905 _aLibro
999 _c143350
_d143350